Real Time Toolbox Professional for use with Simulink version 2.5 : User's Manual

Gespeichert in:
Bibliographische Detailangaben
Format: Buch
Sprache:Englisch
Veröffentlicht: Praha : Humusoft s.r.o, 1997
Tags: Tag hinzufügen
Keine Tags, Fügen Sie das erste Tag hinzu!

MARC

LEADER 00000nam a22000003a 4500
001 stu33967
005 20150408181014.9
008 981007s1997----xr------------------eng-d
040 |a STU  |b slo 
041 0 |a eng 
044 |a xr 
080 |a 681.3.06 
245 |a Real Time Toolbox Professional for use with Simulink version 2.5 :  |b User's Manual 
260 |a Praha :  |b Humusoft s.r.o,  |c 1997 
300 |a 58 s :  |b Tabuľky 
996 |b C95537  |c C*95537  |l CCXVI  |s P  |a 0  |w stu33967_0001